[Event "Stay Safe Play From Home 153"]
[Site "T#646141Emanuel Laske"]
[Date "2020.05.17"]
[Round "4"]
[White "Edmatuag"]
[Black "Sadbat1122"]
[Result "0-1"]
[WhiteElo "1581"]
[BlackElo "1592"]
[Annotator "NA"]
[PlyCount "96"]
[EventDate "2020.05.17"]
[EventType "swiss (blitz)"]

1. Nf3 {[%emt 0:00:08]} g6 {[%emt 0:00:01]} 2. d4 {[%emt 0:00:18]} Bg7 {[%emt 0:00:01]} 3. c4 {[%emt 0:00:01]} d5 {[%emt 0:00:02]} 4. Nc3 {[%emt 0:00:04]} e6 {[%emt 0:00:02]} 5. g3 {[%emt 0:00:03]} Ne7 {[%emt 0:00:02]} 6. Bg2 {[%emt 0:00:03]} c6 {[%emt 0:00:02]} 7. b3 {[%emt 0:00:07]} Qa5 {[%emt 0:00:03]} 8. Bd2 {[%emt 0:00:04]} Qd8 {[%emt 0:00:10]} 9. O-O {[%emt 0:00:08]} O-O {[%emt 0:00:02]} 10. Rc1 {[%emt 0:00:01]} Nd7 {[%emt 0:00:02]} 11. Bf4 {[%emt 0:00:10]} Nf6 {[%emt 0:00:08]} 12. Be5 {[%emt 0:00:23]} Bd7 {[%emt 0:00:06]} 13. Qd3 {[%emt 0:00:11]} Qa5 {[%emt 0:00:08]} 14. Bd6 {[%emt 0:00:35]} Qd8 {[%emt 0:00:06]} 15. Ne5 {[%emt 0:00:13]} Ne8 {[%emt 0:00:05]} 16. Bxe7 {[%emt 0:00:06]} Qxe7 {[%emt 0:00:04]} 17. f4 {[%emt 0:00:06]} f6 {[%emt 0:00:14]} 18. Nxd7 {[%emt 0:00:08]} Qxd7 {[%emt 0:00:02]} 19. Bh3 {[%emt 0:00:06]} f5 {[%emt 0:00:06]} 20. Bg2 {[%emt 0:00:25]} Nf6 {[%emt 0:00:04]} 21. e3 {[%emt 0:00:11]} Ne4 {[%emt 0:00:05]} 22. Bxe4 {[%emt 0:00:07]} fxe4 {[%emt 0:00:02]} 23. Qe2 {[%emt 0:00:05]} a5 {[%emt 0:00:06]} 24. cxd5 {[%emt 0:00:06]} exd5 {[%emt 0:00:03]} 25. Na4 {[%emt 0:00:02]} b5 {[%emt 0:00:10]} 26. Nb6 {[%emt 0:00:02]} Qd6 {[%emt 0:00:08]} 27. Nxa8 {[%emt 0:00:03]} Rxa8 {[%emt 0:00:03]} 28. Rc5 {[%emt 0:00:02]} a4 {[%emt 0:00:04]} 29. b4 {[%emt 0:00:05]} Bf8 {[%emt 0:00:07]} 30. a3 {[%emt 0:00:12]} Qe6 {[%emt 0:00:03]} 31. Rc3 {[%emt 0:00:03]} Kg7 {[%emt 0:00:11]} 32. Rfc1 {[%emt 0:00:02]} Ra6 {[%emt 0:00:03]} 33. Kg2 {[%emt 0:00:02]} h5 {[%emt 0:00:02]} 34. h3 {[%emt 0:00:07]} Be7 {[%emt 0:00:03]} 35. g4 {[%emt 0:00:02]} hxg4 {[%emt 0:00:10]} 36. Qxg4 {[%emt 0:00:01]} Qf6 {[%emt 0:00:09]} 37. Kh2 {[%emt 0:00:16]} Bd6 {[%emt 0:00:08]} 38. h4 {[%emt 0:00:07]} Kh6 {[%emt 0:00:06]} 39. Kh3 {[%emt 0:00:00]} Kh7 {[%emt 0:00:04]} 40. Qg5 {[%emt 0:00:01]} Qxg5 {[%emt 0:00:03]} 41. hxg5 {[%emt 0:00:02]} Kg7 {[%emt 0:00:09]} 42. Kg4 {[%emt 0:00:00]} Kf7 {[%emt 0:00:02]} 43. Rxc6 {[%emt 0:00:01]} Rxc6 {[%emt 0:00:02]} 44. Rxc6 {[%emt 0:00:00]} Ke6 {[%emt 0:00:01]} 45. Rb6 {[%emt 0:00:02]} Kd7 {[%emt 0:00:02]} 46. Rxb5 {[%emt 0:00:00]} Kc7 {[%emt 0:00:01]} 47. Ra5 {[%emt 0:00:01]} Kb6 {[%emt 0:00:02]} 48. Rxd5 {[%emt 0:00:01]} Bc7 {[%emt 0:00:02] Time (Lag: Av=0.84s, max=1.2s)} 0-1

[Event "Stay Safe Play From Home 153"]
[Site "T#646141Emanuel Laske"]
[Date "2020.05.17"]
[Round "4"]
[White "Aktürk"]
[Black "Matanant"]
[Result "0-1"]
[WhiteElo "1475"]
[BlackElo "1788"]
[Annotator "NA"]
[PlyCount "110"]
[EventDate "2020.05.17"]
[EventType "swiss (blitz)"]

1. e3 {[%emt 0:00:09]} e5 {[%emt 0:00:07]} 2. Qf3 {[%emt 0:00:07]} d5 {[%emt 0:00:03]} 3. Nc3 {[%emt 0:00:01]} Nf6 {[%emt 0:00:03]} 4. Qg3 {[%emt 0:00:02]} Bf5 {[%emt 0:00:04]} 5. Qxe5+ {[%emt 0:00:03]} Be6 {[%emt 0:00:06]} 6. Nb5 {[%emt 0:00:03]} Na6 {[%emt 0:00:06]} 7. Nd4 {[%emt 0:00:04]} Qd7 {[%emt 0:00:05]} 8. Bxa6 {[%emt 0:00:10]} bxa6 {[%emt 0:00:02]} 9. b3 {[%emt 0:00:04]} Bd6 {[%emt 0:00:02]} 10. Qg5 {[%emt 0:00:05]} O-O {[%emt 0:00:02]} 11. Bb2 {[%emt 0:00:03]} h6 {[%emt 0:00:12]} 12. Qh4 {[%emt 0:00:02]} c5 {[%emt 0:00:02]} 13. Ndf3 {[%emt 0:00:03]} Bg4 {[%emt 0:00:19]} 14. Bxf6 {[%emt 0:00:06]} gxf6 {[%emt 0:00:02]} 15. Qxh6 {[%emt 0:00:11]} Qf5 {[%emt 0:00:22]} 16. h3 {[%emt 0:00:06]} Bxf3 {[%emt 0:00:07]} 17. Nxf3 {[%emt 0:00:03]} Qg6 {[%emt 0:00:02]} 18. Qxg6+ {[%emt 0:00:04]} fxg6 {[%emt 0:00:02]} 19. g4 {[%emt 0:00:02]} Kg7 {[%emt 0:00:03]} 20. h4 {[%emt 0:00:02]} a5 {[%emt 0:00:06]} 21. g5 {[%emt 0:00:03]} f5 {[%emt 0:00:17]} 22. a4 {[%emt 0:00:06]} Rae8 {[%emt 0:00:05]} 23. O-O-O {[%emt 0:00:11]} c4 {[%emt 0:00:15]} 24. Nd4 {[%emt 0:00:14]} cxb3 {[%emt 0:00:12]} 25. Nxb3 {[%emt 0:00:02]} Ba3+ {[%emt 0:00:04]} 26. Kb1 {[%emt 0:00:02]} Rb8 {[%emt 0:00:00]} 27. f4 {[%emt 0:00:05]} Bc5 {[%emt 0:00:12]} 28. h5 {[%emt 0:00:03]} Bb6 {[%emt 0:00:03]} 29. h6+ {[%emt 0:00:09]} Kh7 {[%emt 0:00:02]} 30. d4 {[%emt 0:00:12]} Rfc8 {[%emt 0:00:03]} 31. Kc1 {[%emt 0:00:05]} Rc4 {[%emt 0:00:03]} 32. Kd2 {[%emt 0:00:05]} Rxa4 {[%emt 0:00:02]} 33. Rb1 {[%emt 0:00:12]} Rc4 {[%emt 0:00:04]} 34. Rhc1 {[%emt 0:00:08]} a4 {[%emt 0:00:02]} 35. Na5 {[%emt 0:00:04]} Bxa5+ {[%emt 0:00:02]} 36. c3 {[%emt 0:00:09]} Rxb1 {[%emt 0:00:06]} 37. Rxb1 {[%emt 0:00:01]} Bxc3+ {[%emt 0:00:02]} 38. Ke2 {[%emt 0:00:01]} Bb4 {[%emt 0:00:01]} 39. Ra1 {[%emt 0:00:03]} a3 {[%emt 0:00:02]} 40. Kd3 {[%emt 0:00:02]} a5 {[%emt 0:00:00]} 41. e4 {[%emt 0:00:06]} fxe4+ {[%emt 0:00:03]} 42. Ke3 {[%emt 0:00:01]} Rc2 {[%emt 0:00:06]} 43. f5 {[%emt 0:00:05]} Bd2+ {[%emt 0:00:00]} 44. Ke2 {[%emt 0:00:07]} Bxg5+ {[%emt 0:00:11]} 45. Kd1 {[%emt 0:00:02]} Rd2+ {[%emt 0:00:04]} 46. Ke1 {[%emt 0:00:02]} Rxd4 {[%emt 0:00:00]} 47. Rxa3 {[%emt 0:00:02]} gxf5 {[%emt 0:00:02]} 48. Rxa5 {[%emt 0:00:02]} Kxh6 {[%emt 0:00:01]} 49. Ra6+ {[%emt 0:00:02]} Kh5 {[%emt 0:00:00]} 50. Rd6 {[%emt 0:00:03]} Kg4 {[%emt 0:00:01]} 51. Kf2 {[%emt 0:00:02]} e3+ {[%emt 0:00:04]} 52. Ke2 {[%emt 0:00:03]} Rd2+ {[%emt 0:00:02]} 53. Ke1 {[%emt 0:00:03]} d4 {[%emt 0:00:02]} 54. Rg6 {[%emt 0:00:03]} Rf2 {[%emt 0:00:04]} 55. Rd6 {[%emt 0:00:03]} Rd2 {[%emt 0:00:04] Aktürk terk eder (Lag: Av=0.88s, max=14.6s)} 0-1

[Event "Stay Safe Play From Home 153"]
[Site "T#646141Emanuel Laske"]
[Date "2020.05.17"]
[Round "5"]
[White "Little champs"]
[Black "Lazieri3"]
[Result "1-0"]
[WhiteElo "2226"]
[BlackElo "2011"]
[Annotator "RC"]
[PlyCount "113"]
[EventDate "2020.05.17"]
[EventType "swiss (blitz)"]

1. d4 {[%emt 0:00:01]} c6 {[%emt 0:00:00]} 2. e3 {[%emt 0:00:02]} d5 {[%emt 0:00:00]} 3. Nf3 {[%emt 0:00:00]} Nf6 {[%emt 0:00:01]} 4. Be2 {[%emt 0:00:02]} Bg4 {[%emt 0:00:01]} 5. O-O {[%emt 0:00:00]} e6 {[%emt 0:00:01]} 6. c4 {[%emt 0:00:01]} Bd6 {[%emt 0:00:01]} 7. Nc3 {[%emt 0:00:01]} O-O {[%emt 0:00:01]} 8. Nd2 {[%emt 0:00:01]} Bxe2 {[%emt 0:00:01]} 9. Qxe2 {[%emt 0:00:01]} Nbd7 {[%emt 0:00:00]} 10. f4 {[%emt 0:00:02]} h6 {[%emt 0:00:02]} 11. g4 {[%emt 0:00:01]} c5 {[%emt 0:00:05]} 12. Rf2 {[%emt 0:00:06]} cxd4 {[%emt 0:00:04]} 13. exd4 {[%emt 0:00:02]} Qc7 {[%emt 0:00:03]} 14. g5 {[%emt 0:00:07]} hxg5 {[%emt 0:00:16]} 15. fxg5 {[%emt 0:00:01]} Nh7 {[%emt 0:00:04]} 16. c5 {[%emt 0:00:06]} Bf4 {[%emt 0:00:04]} 17. Nf3 {[%emt 0:00:05]} Bxc1 {[%emt 0:00:04]} 18. Rxc1 {[%emt 0:00:01]} Qf4 {[%emt 0:00:03]} 19. Rcf1 {[%emt 0:00:19]} Nxg5 {[%emt 0:00:08]} 20. Nxg5 {[%emt 0:00:01]} Qxg5+ {[%emt 0:00:00]} 21. Rg2 {[%emt 0:00:01]} Qh4 {[%emt 0:00:04]} 22. Rg4 {[%emt 0:00:07]} Qh6 {[%emt 0:00:08]} 23. Kh1 {[%emt 0:00:02]} Nf6 {[%emt 0:00:01]} 24. Rg3 {[%emt 0:00:06]} Rae8 {[%emt 0:00:13]} 25. Rfg1 {[%emt 0:00:02]} g6 {[%emt 0:00:06]} 26. Qd3 {[%emt 0:00:21]} Kg7 {[%emt 0:00:46]} 27. Rh3 {[%emt 0:00:20]} Qf4 {[%emt 0:00:01]} 28. Rf1 {[%emt 0:00:04]} Qg4 {[%emt 0:00:15]} 29. Rg3 {[%emt 0:00:15]} Qh4 {[%emt 0:00:01]} 30. Rh3 {[%emt 0:00:12]} Qg4 {[%emt 0:00:06]} 31. Qe3 {[%emt 0:00:42]} Rh8 {[%emt 0:00:08]} 32. Rhf3 {[%emt 0:00:09]} Qh4 {[%emt 0:00:27]} 33. Qe5 {[%emt 0:00:04]} Rh5 {[%emt 0:00:29]} 34. Qxf6+ {[%emt 0:00:11]} Qxf6 {[%emt 0:00:02]} 35. Rxf6 {[%emt 0:00:01]} Rf8 {[%emt 0:00:02]} 36. R1f3 {[%emt 0:00:12]} Rh4 {[%emt 0:00:04]} 37. R6f4 {[%emt 0:00:01]} Rh5 {[%emt 0:00:03]} 38. Nb5 {[%emt 0:00:01]} f5 {[%emt 0:00:06]} 39. Nd6 {[%emt 0:00:08]} Rfh8 {[%emt 0:00:03]} 40. Rf2 {[%emt 0:00:02]} Rb8 {[%emt 0:00:11]} 41. b4 {[%emt 0:00:02]} a6 {[%emt 0:00:01]} 42. a4 {[%emt 0:00:02]} Kf6 {[%emt 0:00:01]} 43. R4f3 {[%emt 0:00:02]} Rh4 {[%emt 0:00:03]} 44. Rd2 {[%emt 0:00:01]} Ke7 {[%emt 0:00:03]} 45. b5 {[%emt 0:00:01]} axb5 {[%emt 0:00:01]} 46. axb5 {[%emt 0:00:01]} Ra8 {[%emt 0:00:02]} 47. Kg2 {[%emt 0:00:01]} Rg4+ {[%emt 0:00:02]} 48. Rg3 {[%emt 0:00:04]} Rh4 {[%emt 0:00:08]} 49. Nxb7 {[%emt 0:00:02]} Rah8 {[%emt 0:00:03]} 50. h3 {[%emt 0:00:03]} g5 {[%emt 0:00:01]} 51. c6 {[%emt 0:00:02]} f4 {[%emt 0:00:03]} 52. Rf3 {[%emt 0:00:02]} g4 {[%emt 0:00:02]} 53. Rxf4 {[%emt 0:00:01]} Rxh3 {[%emt 0:00:02]} 54. Rdf2 {[%emt 0:00:07]} g3 {[%emt 0:00:01]} 55. Rf7+ {[%emt 0:00:02]} Ke8 {[%emt 0:00:02]} 56. Nd6+ {[%emt 0:00:03]} Kd8 {[%emt 0:00:01]} 57. Rd7# {[%emt 0:00:01] (Lag: Av=0.95s, max=2.6s)} 1-0

[Event "Stay Safe Play From Home 153"]
[Site "T#646141Emanuel Laske"]
[Date "2020.05.17"]
[Round "5"]
[White "Weltszmerc"]
[Black "Don59as"]
[Result "0-1"]
[WhiteElo "2096"]
[BlackElo "2090"]
[Annotator "NA"]
[PlyCount "102"]
[EventDate "2020.05.17"]
[EventType "swiss (blitz)"]

1. d4 {[%emt 0:00:02]} d5 {[%emt 0:00:01]} 2. c4 {[%emt 0:00:01]} e5 {[%emt 0:00:01]} 3. Nf3 {[%emt 0:00:01]} exd4 {[%emt 0:00:04]} 4. cxd5 {[%emt 0:00:02]} Qxd5 {[%emt 0:00:02]} 5. Qxd4 {[%emt 0:00:00]} Qxd4 {[%emt 0:00:02]} 6. Nxd4 {[%emt 0:00:00]} Bd7 {[%emt 0:00:01]} 7. e4 {[%emt 0:00:11]} a6 {[%emt 0:00:01]} 8. Nc3 {[%emt 0:00:08]} Nc6 {[%emt 0:00:01]} 9. Be3 {[%emt 0:00:04]} Bb4 {[%emt 0:00:06]} 10. O-O-O {[%emt 0:00:02]} Bxc3 {[%emt 0:00:20]} 11. bxc3 {[%emt 0:00:00]} Nf6 {[%emt 0:00:11]} 12. f3 {[%emt 0:00:40]} O-O {[%emt 0:00:09]} 13. Nb3 {[%emt 0:00:01]} b6 {[%emt 0:00:19]} 14. Bg5 {[%emt 0:00:03]} Be6 {[%emt 0:00:05]} 15. Bxf6 {[%emt 0:00:04]} gxf6 {[%emt 0:00:01]} 16. Kb2 {[%emt 0:00:06]} Na5 {[%emt 0:00:23]} 17. Nxa5 {[%emt 0:00:22]} bxa5 {[%emt 0:00:00]} 18. Bd3 {[%emt 0:00:07]} Rab8+ {[%emt 0:00:05]} 19. Ka1 {[%emt 0:00:02]} Rb6 {[%emt 0:00:04]} 20. c4 {[%emt 0:00:15]} Rb4 {[%emt 0:00:07]} 21. Rb1 {[%emt 0:00:13]} Rd8 {[%emt 0:00:03]} 22. Rbd1 {[%emt 0:00:50]} a4 {[%emt 0:00:13]} 23. Rhe1 {[%emt 0:00:04]} a3 {[%emt 0:00:05]} 24. f4 {[%emt 0:00:08]} Bxc4 {[%emt 0:00:12]} 25. Bxc4 {[%emt 0:00:02]} Rxd1+ {[%emt 0:00:02]} 26. Rxd1 {[%emt 0:00:02]} Rxc4 {[%emt 0:00:01]} 27. Kb1 {[%emt 0:00:20]} Rxe4 {[%emt 0:00:03]} 28. g3 {[%emt 0:00:01]} Re2 {[%emt 0:00:01]} 29. Rd3 {[%emt 0:00:03]} Rb2+ {[%emt 0:00:04]} 30. Ka1 {[%emt 0:00:01]} Rxh2 {[%emt 0:00:03]} 31. Rxa3 {[%emt 0:00:01]} Rg2 {[%emt 0:00:08]} 32. Rxa6 {[%emt 0:00:05]} Rxg3 {[%emt 0:00:02]} 33. Rxf6 {[%emt 0:00:02]} Rg2 {[%emt 0:00:15]} 34. Rf5 {[%emt 0:00:04]} Rf2 {[%emt 0:00:11]} 35. a4 {[%emt 0:00:04]} c5 {[%emt 0:00:08]} 36. a5 {[%emt 0:00:04]} Rc2 {[%emt 0:00:23]} 37. a6 {[%emt 0:00:01]} Rc4 {[%emt 0:00:01]} 38. Rf6 {[%emt 0:00:16]} Ra4+ {[%emt 0:00:07]} 39. Kb2 {[%emt 0:00:01]} Kg7 {[%emt 0:00:03]} 40. Rb6 {[%emt 0:00:01]} c4 {[%emt 0:00:01]} 41. Kc3 {[%emt 0:00:01]} h5 {[%emt 0:00:01]} 42. Kd4 {[%emt 0:00:05]} h4 {[%emt 0:00:04]} 43. f5 {[%emt 0:00:04]} h3 {[%emt 0:00:03]} 44. f6+ {[%emt 0:00:01]} Kg6 {[%emt 0:00:02]} 45. Kc3 {[%emt 0:00:05]} Kg5 {[%emt 0:00:07]} 46. Rb1 {[%emt 0:00:01]} Rxa6 {[%emt 0:00:03]} 47. Kxc4 {[%emt 0:00:02]} Rxf6 {[%emt 0:00:01]} 48. Kd4 {[%emt 0:00:01]} Kh4 {[%emt 0:00:02]} 49. Ke3 {[%emt 0:00:01]} h2 {[%emt 0:00:01]} 50. Rb4+ {[%emt 0:00:01]} Kh3 {[%emt 0:00:01]} 51. Rb1 {[%emt 0:00:02]} Rg6 {[%emt 0:00:03] Czas partii (Lag: Av=0.79s, max=1.0s)} 0-1

[Event "Stay Safe Play From Home 153"]
[Site "T#646141Emanuel Laske"]
[Date "2020.05.17"]
[Round "5"]
[White "Sfantul321"]
[Black "Tobo Rubirosa"]
[Result "1-0"]
[WhiteElo "2030"]
[BlackElo "1729"]
[Annotator "NA"]
[PlyCount "65"]
[EventDate "2020.05.17"]
[EventType "swiss (blitz)"]

1. c4 {[%emt 0:00:33]} Nf6 {[%emt 0:00:05]} 2. Nc3 {[%emt 0:00:01]} g6 {[%emt 0:00:02]} 3. e4 {[%emt 0:00:01]} d6 {[%emt 0:00:02]} 4. d4 {[%emt 0:00:01]} Bg7 {[%emt 0:00:01]} 5. f4 {[%emt 0:00:01]} O-O {[%emt 0:00:02]} 6. Nf3 {[%emt 0:00:01]} Na6 {[%emt 0:00:04]} 7. h3 {[%emt 0:00:02]} e5 {[%emt 0:00:03]} 8. fxe5 {[%emt 0:00:01]} dxe5 {[%emt 0:00:02]} 9. d5 {[%emt 0:00:00]} Nc5 {[%emt 0:00:02]} 10. Qc2 {[%emt 0:00:02]} a5 {[%emt 0:00:04]} 11. Be3 {[%emt 0:00:01]} Nfd7 {[%emt 0:00:06]} 12. Be2 {[%emt 0:00:03]} f5 {[%emt 0:00:04]} 13. O-O {[%emt 0:00:01]} fxe4 {[%emt 0:00:15]} 14. Nxe4 {[%emt 0:00:02]} Nxe4 {[%emt 0:00:02]} 15. Qxe4 {[%emt 0:00:01]} Nf6 {[%emt 0:00:14]} 16. Qxe5 {[%emt 0:00:06]} Ng4 {[%emt 0:00:09]} 17. Qg5 {[%emt 0:00:08]} Nxe3 {[%emt 0:00:04]} 18. Qxe3 {[%emt 0:00:02]} Bxb2 {[%emt 0:00:04]} 19. Rab1 {[%emt 0:00:02]} Bg7 {[%emt 0:00:02]} 20. Nd4 {[%emt 0:00:12]} Rxf1+ {[%emt 0:00:14]} 21. Rxf1 {[%emt 0:00:02]} Bxd4 {[%emt 0:00:07]} 22. Qxd4 {[%emt 0:00:01]} Qe7 {[%emt 0:00:16]} 23. Bd3 {[%emt 0:00:04]} Bd7 {[%emt 0:00:05]} 24. c5 {[%emt 0:00:01]} Rf8 {[%emt 0:00:03]} 25. d6 {[%emt 0:00:03]} Rxf1+ {[%emt 0:00:03]} 26. Kxf1 {[%emt 0:00:01]} cxd6 {[%emt 0:00:05]} 27. cxd6 {[%emt 0:00:04]} Qg7 {[%emt 0:00:07]} 28. Bc4+ {[%emt 0:00:04]} Kh8 {[%emt 0:00:06]} 29. Qf4 {[%emt 0:00:06]} b5 {[%emt 0:00:26]} 30. Bd5 {[%emt 0:00:06]} g5 {[%emt 0:00:10]} 31. Qe4 {[%emt 0:00:11]} Qf8+ {[%emt 0:00:07]} 32. Kg1 {[%emt 0:00:06]} Qf5 {[%emt 0:00:03]} 33. Qd4+ {[%emt 0:00:03] Tobo Rubirosa rinde (Lag: Av=0.71s, max=2.1s)} 1-0

[Event "Stay Safe Play From Home 153"]
[Site "T#646141Emanuel Laske"]
[Date "2020.05.17"]
[Round "5"]
[White "Vinnety"]
[Black "Aktürk"]
[Result "1-0"]
[WhiteElo "1838"]
[BlackElo "1470"]
[Annotator "NA"]
[PlyCount "51"]
[EventDate "2020.05.17"]
[EventType "swiss (blitz)"]

1. e4 {[%emt 0:00:02]} e6 {[%emt 0:00:04]} 2. d4 {[%emt 0:00:03]} Qf6 {[%emt 0:00:01]} 3. Nf3 {[%emt 0:00:02]} Qg6 {[%emt 0:00:01]} 4. Nc3 {[%emt 0:00:05]} Bb4 {[%emt 0:00:03]} 5. Qd3 {[%emt 0:00:04]} Bxc3+ {[%emt 0:00:04]} 6. bxc3 {[%emt 0:00:03]} Ne7 {[%emt 0:00:02]} 7. Ba3 {[%emt 0:00:02]} Nbc6 {[%emt 0:00:06]} 8. g3 {[%emt 0:00:08]} a5 {[%emt 0:00:03]} 9. Bg2 {[%emt 0:00:03]} b6 {[%emt 0:00:01]} 10. O-O {[%emt 0:00:05]} Ba6 {[%emt 0:00:01]} 11. c4 {[%emt 0:00:02]} h5 {[%emt 0:00:10]} 12. h4 {[%emt 0:00:02]} Qh6 {[%emt 0:00:05]} 13. d5 {[%emt 0:00:06]} exd5 {[%emt 0:00:06]} 14. exd5 {[%emt 0:00:01]} Nd8 {[%emt 0:00:02]} 15. Rfe1 {[%emt 0:00:07]} d6 {[%emt 0:00:03]} 16. Ng5 {[%emt 0:00:17]} O-O {[%emt 0:00:04]} 17. Rxe7 {[%emt 0:00:02]} f6 {[%emt 0:00:16]} 18. Ne6 {[%emt 0:00:09]} Nxe6 {[%emt 0:00:03]} 19. dxe6 {[%emt 0:00:01]} f5 {[%emt 0:00:10]} 20. Bxa8 {[%emt 0:00:05]} Qf6 {[%emt 0:00:02]} 21. Rf7 {[%emt 0:00:09]} Qxa1+ {[%emt 0:00:05]} 22. Kh2 {[%emt 0:00:01]} Rxf7 {[%emt 0:00:03]} 23. exf7+ {[%emt 0:00:02]} Kxf7 {[%emt 0:00:01]} 24. Qxf5+ {[%emt 0:00:04]} Kg8 {[%emt 0:00:02]} 25. Bd5+ {[%emt 0:00:02]} Kh8 {[%emt 0:00:03]} 26. Qxh5# {[%emt 0:00:02] (Lag: Av=0.42s, max=0.5s)} 1-0

[Event "Stay Safe Play From Home 153"]
[Site "T#646141Emanuel Laske"]
[Date "2020.05.17"]
[Round "5"]
[White "matanant"]
[Black "Sadbat1122"]
[Result "1-0"]
[WhiteElo "1793"]
[BlackElo "1609"]
[Annotator "NA"]
[PlyCount "101"]
[EventDate "2020.05.17"]
[EventType "swiss (blitz)"]

1. e4 {[%emt 0:00:02]} Nc6 {[%emt 0:00:02]} 2. d4 {[%emt 0:00:02]} d5 {[%emt 0:00:02]} 3. e5 {[%emt 0:00:03]} Bf5 {[%emt 0:00:02]} 4. c3 {[%emt 0:00:04]} Qd7 {[%emt 0:00:02]} 5. Bd3 {[%emt 0:00:01]} Bg6 {[%emt 0:00:03]} 6. Ne2 {[%emt 0:00:05]} e6 {[%emt 0:00:02]} 7. O-O {[%emt 0:00:02]} Nge7 {[%emt 0:00:06]} 8. Ng3 {[%emt 0:00:05]} Nf5 {[%emt 0:00:07]} 9. Nxf5 {[%emt 0:00:13]} Bxf5 {[%emt 0:00:02]} 10. Bxf5 {[%emt 0:00:05]} exf5 {[%emt 0:00:02]} 11. Nd2 {[%emt 0:00:02]} Be7 {[%emt 0:00:04]} 12. Nf3 {[%emt 0:00:02]} O-O {[%emt 0:00:08]} 13. b4 {[%emt 0:00:01]} a6 {[%emt 0:00:02]} 14. a4 {[%emt 0:00:02]} Qe6 {[%emt 0:00:05]} 15. Bg5 {[%emt 0:00:06]} Bxg5 {[%emt 0:00:03]} 16. Nxg5 {[%emt 0:00:02]} Qg6 {[%emt 0:00:02]} 17. f4 {[%emt 0:00:04]} h6 {[%emt 0:00:02]} 18. Nf3 {[%emt 0:00:02]} Ne7 {[%emt 0:00:03]} 19. Nh4 {[%emt 0:00:09]} Qe6 {[%emt 0:00:04]} 20. Qh5 {[%emt 0:00:11]} b6 {[%emt 0:00:09]} 21. Kh1 {[%emt 0:00:02]} c5 {[%emt 0:00:06]} 22. Rg1 {[%emt 0:00:07]} cxb4 {[%emt 0:00:21]} 23. cxb4 {[%emt 0:00:03]} Rfc8 {[%emt 0:00:09]} 24. g4 {[%emt 0:00:02]} fxg4 {[%emt 0:00:02]} 25. Rxg4 {[%emt 0:00:05]} Kh7 {[%emt 0:00:41]} 26. f5 {[%emt 0:00:02]} Nxf5 {[%emt 0:00:30]} 27. Nxf5 {[%emt 0:00:10]} g5 {[%emt 0:00:05]} 28. Rxg5 {[%emt 0:00:04]} Rg8 {[%emt 0:00:14]} 29. Rag1 {[%emt 0:00:05]} Rxg5 {[%emt 0:00:16]} 30. Rxg5 {[%emt 0:00:03]} Rg8 {[%emt 0:00:13]} 31. Rxg8 {[%emt 0:00:02]} Kxg8 {[%emt 0:00:02]} 32. Qxh6 {[%emt 0:00:02]} Qxf5 {[%emt 0:00:05]} 33. Qf6 {[%emt 0:00:16]} Qe4+ {[%emt 0:00:11]} 34. Kg1 {[%emt 0:00:02]} Qxd4+ {[%emt 0:00:02]} 35. Kg2 {[%emt 0:00:01]} Qe4+ {[%emt 0:00:08]} 36. Kg3 {[%emt 0:00:04]} d4 {[%emt 0:00:02]} 37. Qf4 {[%emt 0:00:05]} Qe1+ {[%emt 0:00:07]} 38. Kg4 {[%emt 0:00:04]} Qe2+ {[%emt 0:00:04]} 39. Kf5 {[%emt 0:00:05]} d3 {[%emt 0:00:06]} 40. Qg5+ {[%emt 0:00:04]} Kf8 {[%emt 0:00:05]} 41. Qh6+ {[%emt 0:00:03]} Ke7 {[%emt 0:00:03]} 42. Qd6+ {[%emt 0:00:03]} Ke8 {[%emt 0:00:03]} 43. Qb8+ {[%emt 0:00:03]} Ke7 {[%emt 0:00:03]} 44. Qb7+ {[%emt 0:00:04]} Ke8 {[%emt 0:00:02]} 45. Qc6+ {[%emt 0:00:03]} Ke7 {[%emt 0:00:02]} 46. Qd6+ {[%emt 0:00:02]} Ke8 {[%emt 0:00:01]} 47. Qb8+ {[%emt 0:00:05]} Ke7 {[%emt 0:00:01]} 48. Qb7+ {[%emt 0:00:01]} Ke8 {[%emt 0:00:01]} 49. Qxa6 {[%emt 0:00:01]} Qf3+ {[%emt 0:00:03]} 50. Kg5 {[%emt 0:00:03]} Qe3+ {[%emt 0:00:01]} 51. Kg4 {[%emt 0:00:11] Time (Lag: Av=1.06s, max=1.7s)} 1-0

[Event "Stay Safe Play From Home 153"]
[Site "T#646141Emanuel Laske"]
[Date "2020.05.17"]
[Round "5"]
[White "OLEKSY J"]
[Black "Germanicus G"]
[Result "0-1"]
[WhiteElo "1425"]
[BlackElo "1620"]
[Annotator "NA"]
[PlyCount "44"]
[EventDate "2020.05.17"]
[EventType "swiss (blitz)"]

1. e4 {[%emt 0:00:02]} e6 {[%emt 0:00:01]} 2. Bc4 {[%emt 0:00:02]} d5 {[%emt 0:00:01]} 3. exd5 {[%emt 0:00:01]} exd5 {[%emt 0:00:01]} 4. Bb3 {[%emt 0:00:01]} c5 {[%emt 0:00:02]} 5. c4 {[%emt 0:00:01]} d4 {[%emt 0:00:02]} 6. Nf3 {[%emt 0:00:03]} Nf6 {[%emt 0:00:01]} 7. a4 {[%emt 0:00:05]} Bd6 {[%emt 0:00:05]} 8. a5 {[%emt 0:00:01]} O-O {[%emt 0:00:05]} 9. d3 {[%emt 0:00:01]} Re8+ {[%emt 0:00:05]} 10. Kf1 {[%emt 0:00:02]} Bc7 {[%emt 0:00:12]} 11. Bg5 {[%emt 0:00:02]} Bxa5 {[%emt 0:00:03]} 12. Bxf6 {[%emt 0:00:04]} gxf6 {[%emt 0:00:02]} 13. Rxa5 {[%emt 0:00:21]} Qxa5 {[%emt 0:00:04]} 14. g3 {[%emt 0:00:04]} Bh3+ {[%emt 0:00:03]} 15. Kg1 {[%emt 0:00:06]} Nc6 {[%emt 0:00:08]} 16. Nbd2 {[%emt 0:00:06]} Re6 {[%emt 0:00:15]} 17. Ne4 {[%emt 0:00:01]} Rae8 {[%emt 0:00:09]} 18. Nh4 {[%emt 0:00:15]} Rxe4 {[%emt 0:00:13]} 19. dxe4 {[%emt 0:00:01]} Rxe4 {[%emt 0:00:02]} 20. Nf3 {[%emt 0:00:09]} Ne5 {[%emt 0:00:11]} 21. Qd3 {[%emt 0:00:15]} Nxf3+ {[%emt 0:00:03]} 22. Qxf3 {[%emt 0:00:04]} Re1# {[%emt 0:00:00] (Lag: Av=0.28s, max=0.7s)} 0-1

[Event "Stay Safe Play From Home 153"]
[Site "T#646141Emanuel Laske"]
[Date "2020.05.17"]
[Round "5"]
[White "Mandy"]
[Black "Edmatuag"]
[Result "0-1"]
[WhiteElo "929"]
[BlackElo "1564"]
[Annotator "NA"]
[PlyCount "38"]
[EventDate "2020.05.17"]
[EventType "swiss (blitz)"]

1. d4 {[%emt 0:00:03]} Nf6 {[%emt 0:00:03]} 2. Bf4 {[%emt 0:00:01]} g6 {[%emt 0:00:04]} 3. Nf3 {[%emt 0:00:03]} Bg7 {[%emt 0:00:01]} 4. e3 {[%emt 0:00:01]} O-O {[%emt 0:00:01]} 5. h3 {[%emt 0:00:01]} c5 {[%emt 0:00:01]} 6. c3 {[%emt 0:00:04]} Qb6 {[%emt 0:00:03]} 7. Nbd2 {[%emt 0:00:08]} Qxb2 {[%emt 0:00:02]} 8. Bd3 {[%emt 0:00:10]} d6 {[%emt 0:00:10]} 9. Rb1 {[%emt 0:00:08]} Qxc3 {[%emt 0:00:02]} 10. O-O {[%emt 0:00:10]} Nd5 {[%emt 0:00:09]} 11. e4 {[%emt 0:00:14]} Nxf4 {[%emt 0:00:02]} 12. Rc1 {[%emt 0:00:14]} Qxd3 {[%emt 0:00:03]} 13. Re1 {[%emt 0:00:07]} b6 {[%emt 0:00:07]} 14. Ng5 {[%emt 0:00:02]} Bxd4 {[%emt 0:00:18]} 15. Nb3 {[%emt 0:00:10]} Bf6 {[%emt 0:00:09]} 16. Qf3 {[%emt 0:00:14]} Bxg5 {[%emt 0:00:04]} 17. Qxd3 {[%emt 0:00:13]} Nxd3 {[%emt 0:00:01]} 18. Rc3 {[%emt 0:00:07]} Nxe1 {[%emt 0:00:02]} 19. Rc1 {[%emt 0:00:09]} Bxc1 {[%emt 0:00:03] Mandy gibt auf (Lag: Av=0.45s, max=0.8s)} 0-1